000
00206nam a22000977a 4500
003
SGT
245
_a
Proceedings Mathematical Sciences
260
_b
Springer publisher
_c
2018
300
_a
600
942
_2
ddc
_c
BV
999
_c
29097
_d
29097